What is theory?: cultural theory as discourse and dialogue (Record no. 2140)

MARC details
000 -LEADER
fixed length control field 00458 a2200169 4500
001 - CONTROL NUMBER
control field 068478
003 - CONTROL NUMBER IDENTIFIER
control field OSt
005 - DATE AND TIME OF LATEST TRANSACTION
control field 20220218114025.0
008 - FIXED-LENGTH DATA ELEMENTS--GENERAL INFORMATION
fixed length control field
082 ## - DEWEY DECIMAL CLASSIFICATION NUMBER
Classification number 823.91209
Item number Z66W
100 1# - MAIN ENTRY--PERSONAL NAME
Personal name Zima, Peter V.
245 1# - TITLE STATEMENT
Title What is theory?: cultural theory as discourse and dialogue
Statement of responsibility, etc by Peter V. Zima
260 ## - PUBLICATION, DISTRIBUTION, ETC. (IMPRINT)
Place of publication, distribution, etc London
Name of publisher, distributor, etc Continuum
Date of publication, distribution, etc 2007
300 ## - PHYSICAL DESCRIPTION
Extent 283p.
653 ## - INDEX TERM--UNCONTROLLED
Uncontrolled term Theory (Philosophy); Dialogue
942 ## - ADDED ENTRY ELEMENTS (KOHA)
Source of classification or shelving scheme Dewey Decimal Classification
Koha item type Books
Holdings
Withdrawn status Lost status Source of classification or shelving scheme Damaged status Not for loan Collection code Home library Current library Date acquired Source of acquisition Cost, normal purchase price Total Checkouts Full call number Barcode Date last seen Price effective from Koha item type
    Dewey Decimal Classification     General Text Book Central University Of Rajasthan Central University Of Rajasthan 07/03/2012 ENG 5078.00   823.91209 Z66W 2765 21/11/2024 02/09/2020 Books